000 00546nam a22001817a 4500
005 20250710104122.0
010 _aENG-145910
020 _c700.00
_a9789354264207
035 _aEN-129442
037 _bDBAD
082 _21
100 _aMohammed Alimuddin
_982872
245 _aSufism and Persian Sufistic Literature of Bengal/
_cMohammed Alimuddin
260 _aKolkata
_bSarfaraz Printing House
_c2021
270 _aS.N. Banerjee Road
_bKolkata
_e700014
300 _aiii,167p.
_c22cm(Hb)
942 _2ddc
_cEN
_mALI
_h270.954
999 _c212299
_d212299